000 00884nam a2200253Ia 4500
003 OSt
005 20220927103647.0
006 a|||||r|||| 00| 0
007 ta
008 220926b |||||||| |||| 00| 0 eng d
024 _a127248
037 _cReference Collections
040 _aRTL
_cRTL
_beng
041 _2eng
_aeng
082 _a"U:G:550gX9(F182), L0/UN"
110 _a"United Nations, Government Of .... Economic Commission For Eurpoe"
_9361199
245 0 _aProblems of air and water pollution arising in the iron and steel industry.
260 _aNew
_bYork United Nation U S A
_c1970
300 _a"viii,86p."
_ccm.
650 _aGeography - Environment
_9361200
700 _a"United Nations, Government Of .... Economic Commission For Eurpoe"
_9361201
942 _h"U:G:550gX9(F182), L0/UN"
_cCC
999 _c684647
_d684647